| 000 | 00804cam a22002537a 4500 | ||
|---|---|---|---|
| 999 |
_c12268 _d12268 |
||
| 003 | OSt | ||
| 005 | 20231117144922.0 | ||
| 008 | 150123s2014 sz ae bd 000 0 eng d | ||
| 020 | _a9783034608923 | ||
| 040 | _aBMSCA | ||
| 041 | 1 | _aeng | |
| 082 | 0 | 4 |
_a720.3 _223 _bJAN |
| 100 | 1 |
_aJanson, Alban, _d1948- _eauthor. |
|
| 240 | 1 | 0 |
_aGrundbegriffe der Architektur. _lEnglish |
| 245 | 1 | 0 |
_aFundamental concepts of architecture : _bthe vocabulary of spatial situations / _cAlban Janson, Florian Tigges. |
| 300 |
_a379 p. : _bill., plans ; _c24 cm. |
||
| 500 | _aIncludes ebook access. | ||
| 504 | _aIncludes bibliographical references. | ||
| 650 | 0 |
_aArchitecture _vDictionaries. |
|
| 650 | 7 |
_aArchitecture. _2fast |
|
| 655 | 7 |
_aDictionaries. _2fast |
|
| 700 | 1 |
_aTigges, Florian, _eauthor. |
|
| 942 | _2ddc | ||